<?xml version="1.0" encoding="UTF-8"?>
<record
    xmlns:xsi="http://www.w3.org/2001/XMLSchema-instance"
    xsi:schemaLocation="http://www.loc.gov/MARC21/slim http://www.loc.gov/standards/marcxml/schema/MARC21slim.xsd"
    xmlns="http://www.loc.gov/MARC21/slim">

  <leader>00616cam3a220020500 4500</leader>
  <controlfield tag="001">tmp15775558</controlfield>
  <controlfield tag="003">UPRA</controlfield>
  <controlfield tag="005">20190823112810.0</controlfield>
  <controlfield tag="008">951025s1959    za           f      eng u</controlfield>
  <datafield tag="035" ind1=" " ind2=" ">
    <subfield code="a">(Sirsi) r44889</subfield>
  </datafield>
  <datafield tag="035" ind1=" " ind2=" ">
    <subfield code="a">(UPRA)tmp15775558</subfield>
  </datafield>
  <datafield tag="040" ind1=" " ind2=" ">
    <subfield code="c">UPRA</subfield>
  </datafield>
  <datafield tag="041" ind1="1" ind2=" ">
    <subfield code="a">engund und</subfield>
    <subfield code="h">engund und</subfield>
  </datafield>
  <datafield tag="110" ind1="1" ind2=" ">
    <subfield code="b">Development Commissioner c8.1..20.8</subfield>
    <subfield code="6">A2457.1</subfield>
  </datafield>
  <datafield tag="245" ind1="1" ind2="0">
    <subfield code="a">Progress at Mungwi =</subfield>
    <subfield code="b">Ubuyantanshi ku Mungwi.</subfield>
  </datafield>
  <datafield tag="260" ind1=" " ind2=" ">
    <subfield code="a">Ndola :</subfield>
    <subfield code="b">Rhodesian Printers,</subfield>
    <subfield code="c">[1959?]</subfield>
  </datafield>
  <datafield tag="651" ind1=" " ind2="0">
    <subfield code="a">Mungwi, Zambia (Northern province)</subfield>
    <subfield code="6">S1671.1</subfield>
  </datafield>
  <datafield tag="949" ind1=" " ind2=" ">
    <subfield code="a">(O2) 1959/12</subfield>
    <subfield code="w">lcc</subfield>
    <subfield code="m">MAIN</subfield>
    <subfield code="t">BOOK</subfield>
    <subfield code="l">ON-SHELF</subfield>
  </datafield>
  <controlfield tag="004">44889</controlfield>
  <datafield tag="999" ind1=" " ind2=" ">
    <subfield code="c">153756</subfield>
    <subfield code="d">153756</subfield>
  </datafield>
</record>
